Armour on valuation for rating (Record no. 94384)

MARC details
000 -LEADER
fixed length control field 00551cam a2200217 4500
001 - CONTROL NUMBER
control field D1018
008 - FIXED-LENGTH DATA ELEMENTS--GENERAL INFORMATION
fixed length control field 090401t1971 xxu||||| |||| 00| 0 eng d
035 ## - SYSTEM CONTROL NUMBER
System control number (Sirsi) u62251
041 ## - LANGUAGE CODE
Language code of text/sound track or separate title eng
050 ## - LIBRARY OF CONGRESS CALL NUMBER
Classification number 336.2109411
100 ## - MAIN ENTRY--PERSONAL NAME
Personal name Armour, S.B.
245 ## - TITLE STATEMENT
Title Armour on valuation for rating
260 ## - PUBLICATION, DISTRIBUTION, ETC.
Place of publication, distribution, etc. Edinburgh
Name of publisher, distributor, etc. W Green
Date of publication, distribution, etc. 1971
300 ## - PHYSICAL DESCRIPTION
Extent 1xx. 616p. 25cm
350 ## - PRICE (NR) (BK AM CF MU VM SE) [OBSOLETE]
Price 12
520 ## - SUMMARY, ETC.
Summary, etc. Fourth edition by J.P.H Mackay, J.J. Clyde, and J.A.D. Hope
700 ## - ADDED ENTRY--PERSONAL NAME
Personal name Clyde, J.J.
700 ## - ADDED ENTRY--PERSONAL NAME
Personal name Hope, J.A.D.
942 ## - ADDED ENTRY ELEMENTS (KOHA)
Suppress in OPAC 0
948 ## - LOCAL PROCESSING INFORMATION (OCLC); SERIES PART DESIGNATOR (RLIN)
c (OCLC) 04/03/1997
Holdings
Withdrawn status Lost status Source of classification or shelving scheme Damaged status Not for loan Home library Current library Shelving location Date acquired Cost, normal purchase price Total Checkouts Full call number Barcode Date last seen Copy number Cost, replacement price Price effective from Koha item type
    Dewey Decimal Classification     London London Basement 14/09/1999 12.00   SHELF 312 30008561 06/08/2019 1 12.00 06/08/2019 Reference material